Construction of weak solutions of the Navier-Stokes equations on Riemannian manifold by minimizing variational functionals /

Αποθηκεύτηκε σε:
Λεπτομέρειες βιβλιογραφικής εγγραφής
Κύριος συγγραφέας: Nagasawa, Takeyuki.
Μορφή: Άρθρο
Γλώσσα:English
Θέματα:
Ετικέτες: Προσθήκη ετικέτας
Δεν υπάρχουν, Καταχωρήστε ετικέτα πρώτοι!
Thư viện lưu trữ: Thư viện Trường Đại học Đà Lạt
LEADER 00893nam a2200277 4500
001 DLU090093246
005 ##20091201
040 # # |a DLU  |b eng 
041 # # |a eng 
044 # # |a jp 
100 # # |a Nagasawa, Takeyuki.  
245 # # |a Construction of weak solutions of the Navier-Stokes equations on Riemannian manifold by minimizing variational functionals /  |c Takeyuki Nagasawa. 
653 # # |a Morse semiflows 
653 # # |a Navier-Stokes equations 
653 # # |a Riemannian manifold 
653 # # |a Rothe method 
773 # # |t Advances in Mathematical Sciences and Applications  |g Vol. 9, no. 1 (1999), p. 51-71 
920 # # |a Phòng Tạp chí -- Trung tâm Thông tin - Thư viện Trường Đại học Đà Lạt 
994 # # |a DLU 
900 # # |a True 
911 # # |a Trương Bảo Trâm Anh 
925 # # |a G 
926 # # |a A 
927 # # |a BB 
980 # # |a Thư viện Trường Đại học Đà Lạt